Univerzitné pastoračné centrum, Bratislava

Guardado en:
Detalles Bibliográficos
Autor principal: Horváthová, Eliška (Autor)
Otros Autores: Závodný, Ľubomír (Orientador)
Formato: Manuscrito Libro
Lenguaje:eslovaco
Publicado: 2025
Materias:
Acceso en línea:http://is.stuba.sk/zp/portal_zp.pl?podrobnosti=185322
Etiquetas: Agregar Etiqueta
Sin Etiquetas, Sea el primero en etiquetar este registro!

MARC

LEADER 00000ntm a22000003a 4500
001 stuzp105155
003 SK-STU
005 20250607211214.5
007 ta
008 150427s2015----xo-----f-mn---000-0-slo-d
040 |a STU  |b slo 
041 0 |a slo 
100 1 |a Horváthová, Eliška  |u 051110  |4 aut  |U FAD Fakulta architektúry a dizajnu  |T FAD Ústav architektúry obytných budov  |X 103708  |U A1110  |Y 392  |7 103708 
242 0 1 |a University pastoral center, Bratislava  |y eng 
245 1 0 |a Univerzitné pastoračné centrum, Bratislava 
260 |c 2025 
650 4 |a Mlynská dolina  |2 eng 
650 4 |a student campus  |2 eng 
650 4 |a chapel  |2 eng 
650 4 |a community  |2 eng 
650 4 |a center  |2 eng 
650 4 |a Mlynská dolina  |2 slo 
650 4 |a študentské mestečko  |2 slo 
650 4 |a kaplnka  |2 slo 
650 4 |a komunita  |2 slo 
650 4 |a centrum  |2 slo 
700 1 |a Závodný, Ľubomír  |u 051110  |k Z1  |4 ths  |U FAD Fakulta architektúry a dizajnu  |T FAD Ústav architektúry obytných budov  |X 45410  |U A1110  |Y 392  |7 45410 
856 4 |u http://is.stuba.sk/zp/portal_zp.pl?podrobnosti=185322